|
|
|
|
| LEADER |
00000nas a2200000 a 4500 |
| 001 |
ssj0053002 |
| 003 |
WaSeSS |
| 005 |
20200512172242.0 |
| 006 |
m d |
| 007 |
cr n |
| 008 |
810302d19802018dcuer p s 0 a0eng c |
| 010 |
|
|
|a sc 83002336
|z sn 81000545
|
| 022 |
|
|
|l 0275-5599
|y 0275-5599
|
| 035 |
|
|
|a (WaSeSS)ssj0053002
|
| 037 |
|
|
|b COHA, 1730 M Street, N.W., Suite 1010, Washington, DC 20036
|
| 040 |
|
|
|a NSD
|b eng
|c NSD
|d NST
|d OCL
|d NST
|d IUL
|d DLC
|d NST
|d NSD
|d DLC
|d NST
|d EYM
|d DLC
|d OCL
|d SYS
|d IXA
|d OCLCQ
|d OCLCF
|d OCL
|d OCLCQ
|d HLS
|d WaSeSS
|
| 042 |
|
|
|a nsdp
|a pcc
|
| 043 |
|
|
|a c------
|
| 050 |
1 |
4 |
|a F1401
|b .C632
|
| 082 |
0 |
4 |
|a 905
|b W317
|
| 210 |
0 |
|
|a Wash. rep. hemisph.
|
| 222 |
|
0 |
|a Washington report on the hemisphere
|
| 245 |
0 |
0 |
|a Washington report on the hemisphere
|h [electronic resource] /
|c Council on Hemispheric Affairs.
|
| 246 |
1 |
7 |
|a C.O.H.A.'s Washington report on the hemisphere
|f 1980-<1981>
|
| 246 |
3 |
0 |
|a COHA's Washington report on the hemisphere
|
| 246 |
3 |
0 |
|a Washington report
|
| 246 |
1 |
3 |
|a Council on Hemispheric Affairs' Washington report on the hemisphere
|
| 260 |
|
|
|a Washington, DC :
|b COHA,
|c 1980-
|
| 310 |
|
|
|a Biweekly
|
| 362 |
0 |
|
|a Vol. 1, no. 4 (Nov. 11, 1980)-
|
| 362 |
1 |
|
|a Ceased with: Vol. 38, no. 16/17 (Aug. 24, 2018).
|
| 500 |
|
|
|a Title from caption.
|
| 506 |
|
|
|a License restrictions may limit access.
|
| 555 |
|
|
|a Has annual indexes, <2004->
|
| 588 |
|
|
|a Latest issue consulted: Vol. 38, no. 16/17 (Aug. 24, 2018).
|
| 650 |
|
7 |
|a Politics and government
|2 fast
|0 (OCoLC)fst01919741
|
| 651 |
|
0 |
|a America
|x Politics and government
|v Periodicals.
|
| 651 |
|
7 |
|a America.
|2 fast
|0 (OCoLC)fst01239786
|
| 655 |
|
0 |
|a Electronic journals.
|
| 710 |
2 |
|
|a Council on Hemispheric Affairs (U.S.)
|
| 780 |
0 |
0 |
|t COHA's Washington report on the hemisphere
|w (DLC)sc 83002337
|w (OCoLC)7097944
|
| 850 |
|
|
|a ArU
|a AzU
|a CLSU
|a CLU
|a CSt
|a CStclU
|a CaBVaS
|a CoFS
|a CtY
|a DGW
|a DeU
|a FU
|a ICarbS
|a IEN
|a IU
|a InU
|a KU
|a MH
|a MiU
|a NCH
|a NN
|a NNC
|a NSyU
|a NcD
|a NcWsW
|a NhD
|a NjP
|a OU
|a PPiU
|a PU
|a RPB
|a TxU
|a ViU
|a WvU
|
| 853 |
0 |
0 |
|8 1
|a v.
|b no.
|i (year)
|j (date)
|
| 856 |
4 |
0 |
|z Full text available from Research Library: 01/01/2006 to 2 months ago
|u https://search.proquest.com/publication/38738
|
| 863 |
4 |
0 |
|8 1
|a <1>
|b <4>-
|i <1980:Nov.11>-
|x provisional
|